[Event "Morbihan Ch "]
[Site "France"]
[Date "2012.12.15"]
[Round "3.17"]
[White "Sellin, Alain"]
[Black "Anciant, Yoran"]
[Result "1-0"]
[WhiteElo "1620"]
[BlackElo "1199"]
[PlyCount "105"]
[EventDate "2012.10.??"]
[EventType "swiss"]
[EventRounds "7"]
[EventCountry "FRA"]
[SourceDate "2005.09.12"]

1. e4 e5 2. Nf3 Nc6 3. Bb5 Nge7 4. O-O d6 5. d4 Bd7 6. d5 Nb4 7. c4 c6 8. dxc6
Bxc6 9. Bxc6+ Nexc6 10. a3 Na6 11. b4 Nc7 12. Nc3 Be7 13. Bb2 Bf6 14. Qa4 O-O
15. Rad1 Qe8 16. Rxd6 Nd4 17. Qxe8 Nxf3+ 18. gxf3 Rfxe8 19. Rd7 Rac8 20. Rfd1
Re7 21. Ne2 Ne6 22. c5 Rxd7 23. Rxd7 Rd8 24. Rxd8+ Nxd8 25. Nc3 Nc6 26. Nb5 Kf8
27. Nd6 b6 28. cxb6 axb6 29. Nc4 b5 30. Nd6 Na7 31. Kf1 g6 32. Ke2 Ke7 33. Nb7
Kd7 34. Nc5+ Kc6 35. Kd3 Be7 36. Bxe5 Bxc5 37. bxc5 Kxc5 38. Bd4+ Kc6 39. Bxa7
h5 40. h4 Kd6 41. f4 f5 42. exf5 gxf5 43. Kd4 Ke6 44. Kc5 Ke7 45. Kxb5 Kd6 46.
Be3 Kc7 47. a4 Kb7 48. a5 Kc7 49. a6 Kb8 50. Kb6 Ka8 51. Bd4 Kb8 52. Kc6 Kc8
53. a7 1-0

[Event "Morbihan Ch "]
[Site "France"]
[Date "2012.12.12"]
[Round "3.18"]
[White "Biderbost, Marc"]
[Black "Audren, Jean"]
[Result "1-0"]
[WhiteElo "1390"]
[BlackElo "1520"]
[PlyCount "125"]
[EventDate "2012.10.??"]
[EventType "swiss"]
[EventRounds "7"]
[EventCountry "FRA"]
[SourceDate "2005.09.12"]

1. d4 d5 2. Nf3 e6 3. Bf4 Be7 4. e3 Nd7 5. Nbd2 Ngf6 6. h3 a6 7. Bd3 c5 8. b3
b5 9. c4 cxd4 10. exd4 Bb4 11. a3 Bxd2+ 12. Qxd2 dxc4 13. bxc4 Bb7 14. Qe3 Qa5+
15. Qd2 Qxd2+ 16. Bxd2 bxc4 17. Bxc4 O-O 18. Be2 Ne4 19. Bb4 Rfc8 20. O-O Rc2
21. Rfe1 Rac8 22. Bd3 Nxf2 23. Bxc2 Rxc2 24. Rac1 Rxc1 25. Rxc1 Nd3 26. Rc7
Nxb4 27. axb4 Bxf3 28. Rc8+ Nf8 29. gxf3 f5 30. Rc6 Kf7 31. Rxa6 Ke7 32. b5 Nd7
33. Ra7 Kd8 34. b6 g5 35. Ra8+ Ke7 36. b7 h5 37. b8=Q Nxb8 38. Rxb8 Kd6 39. Rg8
g4 40. hxg4 hxg4 41. fxg4 f4 42. g5 Ke7 43. Ra8 Kf7 44. Ra5 Ke7 45. Re5 Kf7 46.
Kg2 Ke7 47. Kf3 Kf7 48. Kxf4 Ke7 49. Kg4 Kf7 50. Kh5 Ke7 51. Kg6 Kd6 52. Kf6
Kd7 53. Kf7 Kd6 54. g6 Kd7 55. g7 Kd6 56. g8=Q Kd7 57. Qe8+ Kd6 58. Qd8+ Kc6
59. Rc5+ Kb7 60. Qc7+ Ka6 61. Qc6+ Ka7 62. Ra5+ Kb8 63. Rb5+ 1-0

[Event "Morbihan Ch "]
[Site "France"]
[Date "2012.12.15"]
[Round "3.20"]
[White "Guetta, Claude"]
[Black "Barton, June"]
[Result "1-0"]
[WhiteElo "1499"]
[BlackElo "1499"]
[PlyCount "71"]
[EventDate "2012.10.??"]
[EventType "swiss"]
[EventRounds "7"]
[EventCountry "FRA"]
[SourceDate "2005.09.12"]

1. e4 d6 2. Nf3 Nf6 3. Nc3 g6 4. Bc4 Bg4 5. d3 Bg7 6. b3 O-O 7. Bb2 Re8 8. O-O
c6 9. b4 e6 10. a3 a6 11. a4 h5 12. h3 Bxf3 13. Qxf3 Kh7 14. a5 Re7 15. Ne2 Ne8
16. Bxg7 Kxg7 17. Qe3 Nf6 18. Qg3 d5 19. e5 Nfd7 20. Bb3 Nxe5 21. Qe3 Nbd7 22.
f4 d4 23. Qxd4 f6 24. fxe5 Nxe5 25. Qf2 Rc8 26. Qxf6+ Kh6 27. Qxe5 b6 28. Bxe6
Ra8 29. Rf6 Qh8 30. Raf1 Rae8 31. R1f5 Rxe6 32. Rxh5+ Kg7 33. Qd4 Qxh5 34.
Rxe6+ Kf7 35. Qd7+ Kf8 36. Rxe8# 1-0

[Event "Morbihan Ch "]
[Site "France"]
[Date "2012.12.15"]
[Round "3.21"]
[White "Le Gal, Loïc"]
[Black "Pierre, Alexis"]
[Result "0-1"]
[WhiteElo "1537"]
[BlackElo "1430"]
[PlyCount "114"]
[EventDate "2012.10.??"]
[EventType "swiss"]
[EventRounds "7"]
[EventCountry "FRA"]
[SourceDate "2005.09.12"]

1. c4 c5 2. Nc3 b6 3. e3 Bb7 4. Nf3 Nf6 5. g3 g6 6. Bg2 Bg7 7. Qc2 O-O 8. O-O
e6 9. d4 Na6 10. a3 Rc8 11. Qa4 Ra8 12. Nb5 d5 13. Ne5 cxd4 14. exd4 Ne4 15.
Bf4 g5 16. Be3 h6 17. f3 Nd6 18. f4 Nxb5 19. Qxb5 Nc7 20. Qb3 Bxe5 21. fxe5 Rb8
22. Rf6 Kg7 23. Bxg5 hxg5 24. Qe3 Rg8 25. Qxg5+ Kf8 26. Qh6+ Ke7 27. Rxf7+ Kxf7
28. Qh7+ Ke8 29. Qxg8+ Kd7 30. Qh7+ Kc8 31. Rf1 dxc4 32. Bxb7+ Kxb7 33. Qe4+
Qd5 34. Qxd5+ Nxd5 35. Rf7+ Kc6 36. Rxa7 Ne3 37. h4 Nd1 38. Ra4 b5 39. Rb4 Ra8
40. Kf1 Rd8 41. b3 c3 42. a4 Rc8 43. Ke1 c2 44. Kd2 Kd7 45. Rc4 bxc4 46. Kxc2
Ne3+ 47. Kc3 cxb3+ 48. Kxb3 Nf5 49. Kb4 Nxd4 50. h5 Rg8 51. Kc5 Nf3 52. a5 Nxe5
53. a6 Nc6 54. h6 Rh8 55. Kb6 Rxh6 56. a7 Nxa7 57. Kxa7 Rg6 0-1

[Event "Morbihan Ch "]
[Site "France"]
[Date "2012.12.05"]
[Round "3.22"]
[White "Audrain, Emmanuelle"]
[Black "Richeux, Guillaume"]
[Result "0-1"]
[WhiteElo "1499"]
[BlackElo "1399"]
[PlyCount "62"]
[EventDate "2012.10.??"]
[EventType "swiss"]
[EventRounds "7"]
[EventCountry "FRA"]
[SourceDate "2005.09.12"]

1. e4 e5 2. Nf3 Nc6 3. Nc3 Nf6 4. Bc4 g6 5. O-O Bg7 6. d3 O-O 7. Bg5 h6 8. Be3
d6 9. Qd2 Kh7 10. Nd5 Nd4 11. Nxd4 exd4 12. Bxd4 c6 13. Nf4 b5 14. Bb3 g5 15.
Ne2 c5 16. Be3 Qc7 17. c3 Be6 18. f3 Rad8 19. d4 cxd4 20. Nxd4 Bc4 21. Bxc4
bxc4 22. Qc2 Kg8 23. Nf5 Rfe8 24. Bd4 d5 25. Nxg7 Kxg7 26. Rae1 Qa5 27. a3 Re6
28. f4 Kf8 29. f5 Ng4 30. fxe6 Qc7 31. exf7 Qxh2# 0-1

[Event "Morbihan Ch "]
[Site "France"]
[Date "2012.12.15"]
[Round "3.23"]
[White "Le Pointer, Mélodine"]
[Black "Lemoine, Norbert"]
[Result "0-1"]
[WhiteElo "1199"]
[BlackElo "1498"]
[PlyCount "72"]
[EventDate "2012.10.??"]
[EventType "swiss"]
[EventRounds "7"]
[EventCountry "FRA"]
[SourceDate "2005.09.12"]

1. e4 e5 2. Nf3 d6 3. Nc3 Nd7 4. Bb5 c6 5. Ba4 Ngf6 6. d3 Nc5 7. Bg5 Nxa4 8.
Nxa4 Be7 9. O-O h6 10. Be3 d5 11. Bc5 b6 12. Bxe7 Qxe7 13. Qd2 dxe4 14. dxe4
Ba6 15. Rfd1 O-O 16. Qc3 Nxe4 17. Qxc6 Bb7 18. Qb5 Rfe8 19. Rd7 Nd6 20. Rxe7
Nxb5 21. Rxe8+ Rxe8 22. Re1 Bxf3 23. gxf3 Nd4 24. f4 Nf3+ 25. Kf1 Nxe1 26. Kxe1
exf4+ 27. Kf1 f5 28. Nc3 Re5 29. b4 f3 30. a4 a6 31. h3 Kf7 32. Nd1 Re2 33. Ne3
Ke6 34. c4 Ra2 35. b5 Ra1+ 36. Nd1 Rxd1# 0-1

[Event "Morbihan Ch "]
[Site "France"]
[Date "2012.12.15"]
[Round "3.24"]
[White "Josse, Emmanuelle"]
[Black "Cheneau, Alain"]
[Result "0-1"]
[WhiteElo "1486"]
[BlackElo "1040"]
[PlyCount "80"]
[EventDate "2012.10.??"]
[EventType "swiss"]
[EventRounds "7"]
[EventCountry "FRA"]
[SourceDate "2005.09.12"]

1. d4 d5 2. Nf3 e6 3. Bf4 Nc6 4. e3 Nf6 5. Bb5 Bd7 6. O-O Be7 7. Nc3 O-O 8. Ne5
a6 9. Nxc6 bxc6 10. Bd3 Qc8 11. Be5 Bd6 12. Bxf6 gxf6 13. Qh5 f5 14. g4 Qd8 15.
f4 f6 16. Rf3 Be8 17. Qh6 Rf7 18. gxf5 Bf8 19. Qh4 Bd7 20. fxe6 Bxe6 21. f5 Bd7
22. Rg3+ Bg7 23. Na4 Qe7 24. Nc5 Bc8 25. c4 Rb8 26. b3 Qd6 27. Re1 Re7 28. cxd5
cxd5 29. Qg4 a5 30. h4 h6 31. e4 h5 32. Qg6 Bd7 33. Nxd7 Qxd7 34. Qxh5 Qd6 35.
Qg6 Rb4 36. e5 Qc6 37. Qg4 Qc3 38. Qg6 Qxe1+ 39. Kh2 Rxd4 40. Kh3 Qh1# 0-1

[Event "Morbihan Ch "]
[Site "France"]
[Date "2012.12.15"]
[Round "3.25"]
[White "Ruello, Dylan"]
[Black "Cheneau, Lionel"]
[Result "0-1"]
[WhiteElo "1199"]
[BlackElo "1470"]
[PlyCount "142"]
[EventDate "2012.10.??"]
[EventType "swiss"]
[EventRounds "7"]
[EventCountry "FRA"]
[SourceDate "2005.09.12"]

1. e4 e5 2. Nf3 Nc6 3. Bc4 h6 4. O-O Bc5 5. d3 a6 6. Nc3 Nf6 7. a3 Na5 8. Na4
Nxc4 9. dxc4 Be7 10. Qe2 O-O 11. Nxe5 d6 12. Nf3 Bd7 13. Nc3 c6 14. Bf4 Nh5 15.
Bd2 Re8 16. Nd4 Nf6 17. f3 c5 18. Nb3 Qc7 19. Bf4 g5 20. Bg3 Qd8 21. Nd5 Be6
22. Rad1 Nh5 23. Qf2 Bxd5 24. cxd5 Nxg3 25. Qxg3 Bf6 26. c3 Qb6 27. Qf2 Qxb3
28. Qd2 Qb6 29. Qf2 Qc7 30. Rfe1 Be5 31. g3 Qe7 32. Rd3 Kf8 33. f4 gxf4 34.
gxf4 Bg7 35. Rg3 Qh4 36. Qg2 Ke7 37. Ree3 Bh8 38. Rg4 Qh5 39. Rh3 Qxg4 40. Qxg4
Rg8 41. Qxg8 Rxg8+ 42. Kf2 Kd7 43. Rxh6 Bg7 44. Rh5 Re8 45. Kf3 b5 46. Rh7 Rg8
47. f5 Ke7 48. Kf4 Be5+ 49. Ke3 Rg2 50. Kd3 c4+ 51. Ke3 Bxh2 52. Rh8 Bg1+ 53.
Kf3 Rf2+ 54. Kg3 Kd7 55. Rh1 Rxb2 56. Rxg1 Rb3 57. Kf4 Rxc3 58. Rg7 Ke7 59. e5
dxe5+ 60. Kxe5 Re3+ 61. Kf4 Rxa3 62. Ke5 Re3+ 63. Kd4 Rh3 64. Kc5 c3 65. Rg2
Rh4 66. d6+ Kd7 67. Kb6 Rd4 68. Kxa6 b4 69. Rc2 Rxd6+ 70. Kb5 b3 71. Rxc3 b2
0-1

[Event "Morbihan Ch "]
[Site "France"]
[Date "2013.01.19"]
[Round "4.1"]
[White "Annetti, Laurent"]
[Black "Salaün, Michel"]
[Result "1-0"]
[WhiteElo "1875"]
[BlackElo "2011"]
[PlyCount "125"]
[EventDate "2012.10.??"]
[EventType "swiss"]
[EventRounds "7"]
[EventCountry "FRA"]
[SourceDate "2005.09.12"]

1. d4 Nf6 2. Nf3 g6 3. Nc3 Bg7 4. e4 d6 5. Be3 c6 6. Qd2 h6 7. h3 a5 8. Bd3 b5
9. O-O g5 10. e5 dxe5 11. dxe5 Nd5 12. Rad1 Nb4 13. Be4 Qxd2 14. Rxd2 Nd5 15.
Bxd5 cxd5 16. Nxd5 Na6 17. Rfd1 Be6 18. Nb6 Rb8 19. Nd7 Bxd7 20. Rxd7 e6 21. c3
O-O 22. Ra7 Ra8 23. Rdd7 Nb8 24. Rxf7 Rxa7 25. Rxf8+ Bxf8 26. Bxa7 Nc6 27. Be3
Kf7 28. Kf1 Bg7 29. Nd4 Nxe5 30. Nxb5 Nc4 31. Bc1 Be5 32. Ke2 Bf4 33. Bxf4 gxf4
34. b3 Ne5 35. Nd4 Ke7 36. Nf3 Nd7 37. Nd4 Nb8 38. Kf3 Kf6 39. b4 axb4 40. cxb4
e5 41. Nb5 Kf5 42. Nc3 Nc6 43. g4+ fxg3 44. fxg3 Nxb4 45. a3 Nc2 46. a4 Nd4+
47. Ke3 Nb3 48. g4+ Ke6 49. h4 Kf6 50. Ne4+ Ke6 51. Kd3 Na5 52. Kc3 Kd5 53.
Nf6+ Kc5 54. Kd3 Kd6 55. Ke4 Ke6 56. Ng8 Nb3 57. Nxh6 Nc5+ 58. Ke3 Nxa4 59. Nf5
Kf6 60. Kd3 Nc5+ 61. Ke3 Kg6 62. Ng3 Kf6 63. Ne4+ 1-0

[Event "Morbihan Ch "]
[Site "France"]
[Date "2013.01.19"]
[Round "4.2"]
[White "Pascot, Jean"]
[Black "Landais, Romain"]
[Result "0-1"]
[WhiteElo "1872"]
[BlackElo "1896"]
[PlyCount "134"]
[EventDate "2012.10.??"]
[EventType "swiss"]
[EventRounds "7"]
[EventCountry "FRA"]
[SourceDate "2005.09.12"]

1. e4 e5 2. Nf3 Nc6 3. Bb5 Nge7 4. d4 Nxd4 5. Nxd4 exd4 6. Qxd4 a6 7. Bc4 Nc6
8. Qd5 Qe7 9. O-O d6 10. Bg5 f6 11. e5 dxe5 12. Be3 Nb4 13. Qa5 Qd7 14. Nc3 b6
15. Bxb6 cxb6 16. Qxb6 Qc6 17. Qxc6+ Nxc6 18. Rfd1 Ra7 19. Ne4 Rd7 20. c3 Be7
21. Bd5 Nd4 22. Bc4 Nf5 23. Bb3 Rxd1+ 24. Rxd1 Bb7 25. Nd2 Bc5 26. Be6 Nd6 27.
Nb3 Ne4 28. Rd7 Bc8 29. Nxc5 Nxc5 30. Rc7 Bxe6 31. Rxc5 Kd7 32. Ra5 Ra8 33. f3
Kc6 34. Kf2 Kb6 35. Ra4 a5 36. b3 Rc8 37. c4 Bd7 38. Ra3 a4 39. Ke3 Ka5 40.
bxa4 Rxc4 41. Rb3 Rxa4 42. Rb7 Rd4 43. g3 Ka6 44. Rc7 Kb6 45. Rc3 Be6 46. a3
Rd1 47. f4 exf4+ 48. Kxf4 Rd4+ 49. Ke3 Rc4 50. Rb3+ Kc6 51. Rd3 f5 52. h4 Bd5
53. Kf2 Rc2+ 54. Ke3 Be4 55. Rb3 Kc5 56. Kf4 h6 57. Ke5 Kc4 58. Rb8 Rc3 59.
Rb4+ Kd3 60. Rd4+ Ke3 61. Rd7 Rc5+ 62. Ke6 Rc6+ 63. Kf7 g5 64. hxg5 hxg5 65.
Rd1 g4 66. a4 Kf2 67. a5 Kxg3 0-1

[Event "Morbihan Ch "]
[Site "France"]
[Date "2013.01.19"]
[Round "4.3"]
[White "Caderon, Michel"]
[Black "Rivalin, Patrick"]
[Result "1-0"]
[WhiteElo "2017"]
[BlackElo "1623"]
[PlyCount "41"]
[EventDate "2012.10.??"]
[EventType "swiss"]
[EventRounds "7"]
[EventCountry "FRA"]
[SourceDate "2005.09.12"]

1. e4 e5 2. Nf3 Nc6 3. Bb5 d6 4. d4 Bd7 5. Nc3 Nxd4 6. Nxd4 exd4 7. Qxd4 Bxb5
8. Nxb5 c5 9. Qa4 Ke7 10. Bf4 a6 11. Bxd6+ Kf6 12. e5+ Kf5 13. g4+ Kg6 14. Qe4+
Kh6 15. Bxf8 Qxf8 16. Nd6 g6 17. Nf5+ gxf5 18. Qf4+ Kg6 19. Qxf5+ Kh6 20. Qh5+
Kg7 21. Qg5# 1-0

[Event "Morbihan Ch "]
[Site "France"]
[Date "2013.01.19"]
[Round "4.4"]
[White "Trelohan, Henri"]
[Black "Duplessy, Franck"]
[Result "0-1"]
[WhiteElo "1669"]
[BlackElo "2071"]
[PlyCount "44"]
[EventDate "2012.10.??"]
[EventType "swiss"]
[EventRounds "7"]
[EventCountry "FRA"]
[SourceDate "2005.09.12"]

1. c4 e5 2. g3 c6 3. d4 exd4 4. Qxd4 Nf6 5. Nc3 Na6 6. a3 Be7 7. Bg2 Nc5 8. Qd1
a5 9. Be3 O-O 10. Nf3 Re8 11. O-O b6 12. Na4 Nxa4 13. Qxa4 Ba6 14. Qc2 Ng4 15.
Bd4 Bf6 16. Bxf6 Qxf6 17. Rfe1 Re7 18. Rad1 Rae8 19. b3 d5 20. Rd4 Re4 21. Rxe4
dxe4 22. Nh4 Qxf2+ 0-1

[Event "Morbihan Ch "]
[Site "France"]
[Date "2013.01.19"]
[Round "4.5"]
[White "Le Corre, Yves"]
[Black "Le Garrec, Maxime"]
[Result "1-0"]
[WhiteElo "1920"]
[BlackElo "1648"]
[PlyCount "47"]
[EventDate "2012.10.??"]
[EventType "swiss"]
[EventRounds "7"]
[EventCountry "FRA"]
[SourceDate "2005.09.12"]

1. d4 b5 2. e4 Bb7 3. Nd2 e6 4. Bxb5 Qg5 5. Bf1 Nf6 6. Ngf3 Qa5 7. e5 Nd5 8. c3
c5 9. Be2 Be7 10. O-O Qc7 11. Re1 Nf4 12. Bf1 cxd4 13. cxd4 Bb4 14. Ne4 Nd5 15.
Bd2 Be7 16. Rc1 Qb6 17. Bd3 Nc6 18. Bc3 Ncb4 19. Bb1 Nf4 20. Qd2 Nbd5 21. Ba5
Qb5 22. Nc5 Bc6 23. b4 Qa4 24. Nxa4 1-0

[Event "Morbihan Ch "]
[Site "France"]
[Date "2013.01.19"]
[Round "4.6"]
[White "Jolivel, Dominique"]
[Black "Peyre, Jean Jacques"]
[Result "1-0"]
[WhiteElo "1896"]
[BlackElo "1672"]
[PlyCount "149"]
[EventDate "2012.10.??"]
[EventType "swiss"]
[EventRounds "7"]
[EventCountry "FRA"]
[SourceDate "2005.09.12"]

1. d4 d6 2. e4 g6 3. f4 e6 4. Nf3 Bg7 5. c3 Nf6 6. Nbd2 O-O 7. Be2 a6 8. Bd3
Re8 9. O-O d5 10. e5 Nfd7 11. Qe1 c5 12. Qf2 b6 13. g4 c4 14. Bc2 Nf8 15. Qg3
Nc6 16. Nh4 f5 17. Ndf3 Ne7 18. gxf5 gxf5 19. Kh1 Ra7 20. Rg1 Neg6 21. Bd2 Ree7
22. Rg2 Nxh4 23. Nxh4 Qe8 24. Rag1 Kh8 25. Bd1 Qf7 26. Qh3 Bd7 27. Rxg7 Qxg7
28. Rxg7 Rxg7 29. Be3 Be8 30. Nf3 Bf7 31. Ng5 Bg8 32. Bh5 a5 33. Qf1 b5 34. Qc1
Rgb7 35. Bf2 h6 36. Nf3 Bf7 37. Bxf7 Rxf7 38. Nh4 Rg7 39. Bg3 Kh7 40. Qc2 Ng6
41. Qf2 Ra8 42. Ng2 Rb7 43. h4 Rab8 44. h5 Ne7 45. Bh4 Ng8 46. Kh2 b4 47. Kh3
Rg7 48. Qe2 Rg4 49. Bf6 Rf8 50. Bh4 Rf7 51. Qd2 Rfg7 52. Qe2 Rxg2 53. Qxg2 Rxg2
54. Kxg2 Kg7 55. Kf2 Kf7 56. Ke2 Ne7 57. Kd2 Nc6 58. Kc2 Ke8 59. Be1 Kd7 60.
Bh4 Kc8 61. Bf6 Nd8 62. Bg7 Nf7 63. cxb4 a4 64. Kc3 Kb7 65. b5 Kb6 66. Kb4 a3
67. bxa3 Kb7 68. a4 Kb6 69. a5+ Kb7 70. Bf8 Ka7 71. a4 Kb7 72. a6+ Ka8 73. b6
Kb8 74. Bd6+ Ka8 75. b7+ 1-0

[Event "Morbihan Ch "]
[Site "France"]
[Date "2013.01.19"]
[Round "4.7"]
[White "Guegan, Michel"]
[Black "Sellin, Alain"]
[Result "0-1"]
[WhiteElo "1814"]
[BlackElo "1520"]
[PlyCount "122"]
[EventDate "2012.10.??"]
[EventType "swiss"]
[EventRounds "7"]
[EventCountry "FRA"]
[SourceDate "2005.09.12"]

1. d4 d5 2. Bf4 Bf5 3. Nd2 Nf6 4. e3 e6 5. c3 a6 6. h3 Bd6 7. Ngf3 Bxf4 8. exf4
Nbd7 9. Ne5 Nxe5 10. fxe5 Ne4 11. Nxe4 Bxe4 12. Qg4 Bg6 13. h4 h5 14. Qg3 Qe7
15. O-O-O c5 16. dxc5 Qxc5 17. Rd4 Rc8 18. Qe3 b5 19. Kd2 a5 20. Be2 O-O 21.
Rh3 b4 22. c4 Rfd8 23. Ke1 a4 24. f3 Kh7 25. Kf2 dxc4 26. Rxd8 Qxe3+ 27. Kxe3
Rxd8 28. Bxc4 Rd1 29. Bb5 a3 30. bxa3 bxa3 31. Rh2 Rb1 32. Bc4 Rb2 33. Rh1 Bb1
34. g3 Bxa2 35. Bxa2 Rxa2 36. Re1 Rb2 37. Ra1 Rb3+ 38. Kf4 Rb4+ 39. Kg5 Ra4 40.
Kxh5 f6 41. f4 g6+ 42. Kg4 fxe5 43. Kf3 exf4 44. gxf4 Kh6 45. Ra2 Kh5 46. Kg3
Ra5 47. Kh3 Kh6 48. Kg4 Kg7 49. Kg3 Kf6 50. Kg4 Ra4 51. h5 gxh5+ 52. Kxh5 Kf5
53. Kh4 Kxf4 54. Kh3 e5 55. Kg2 e4 56. Kf2 e3+ 57. Ke2 Ke4 58. Ke1 Kd3 59. Kd1
Kc3 60. Kc1 Kb3 61. Kb1 Rd4 0-1

[Event "Morbihan Ch "]
[Site "France"]
[Date "2013.01.19"]
[Round "4.8"]
[White "Bezy, Bernard"]
[Black "Nicolas, Stephane"]
[Result "0-1"]
[WhiteElo "1599"]
[BlackElo "1800"]
[PlyCount "36"]
[EventDate "2012.10.??"]
[EventType "swiss"]
[EventRounds "7"]
[EventCountry "FRA"]
[SourceDate "2005.09.12"]

1. c4 g6 2. e4 Bg7 3. Nf3 d6 4. Nc3 Nf6 5. d4 O-O 6. Be2 c5 7. d5 a6 8. Rb1 b5
9. cxb5 axb5 10. b4 cxb4 11. Rxb4 Na6 12. Rxb5 Bd7 13. Rb1 Nc5 14. Nd2 Qa5 15.
Qc2 Rfc8 16. Bb2 Nfxe4 17. Ncxe4 Nxe4 18. Qxe4 Bf5 0-1

[Event "Morbihan Ch "]
[Site "France"]
[Date "2013.01.19"]
[Round "4.10"]
[White "Barton, Robin"]
[Black "Pouliquen, Alain"]
[Result "0-1"]
[WhiteElo "1522"]
[BlackElo "1720"]
[PlyCount "94"]
[EventDate "2012.10.??"]
[EventType "swiss"]
[EventRounds "7"]
[EventCountry "FRA"]
[SourceDate "2005.09.12"]

1. e4 d5 2. exd5 Qxd5 3. Nc3 Qa5 4. d4 Nf6 5. Nf3 Bg4 6. h3 Bh5 7. g4 Bg6 8.
Ne5 Nbd7 9. Nxd7 Nxd7 10. Bg2 c6 11. Bd2 Qb6 12. Bc1 e6 13. a3 Be7 14. Rb1 Nf6
15. O-O O-O 16. Be3 Nd5 17. Nxd5 exd5 18. f4 Be4 19. Bxe4 dxe4 20. c4 Rad8 21.
Qc2 Rfe8 22. Qf2 Qc7 23. f5 Bd6 24. Kg2 a6 25. g5 g6 26. c5 Bf8 27. Bf4 Qd7 28.
fxg6 fxg6 29. Be5 Bg7 30. Bf6 Qd5 31. Bxd8 e3+ 32. Qf3 Rxd8 33. Qxd5+ Rxd5 34.
Kf3 Bxd4 35. b4 Rxg5 36. Ke4 Rd5 37. Rfe1 b6 38. cxb6 Bxb6 39. Rbc1 Rd6 40. Re2
Kf7 41. Rec2 Ke7 42. Rxc6 Rxc6 43. Rxc6 e2 44. Rc1 Bf2 45. Kd5 Kd7 46. Kc4 e1=Q
47. Rxe1 Bxe1 0-1

[Event "Morbihan Ch "]
[Site "France"]
[Date "2013.01.19"]
[Round "4.11"]
[White "Georget, Patrice"]
[Black "Maheo, Francois"]
[Result "1-0"]
[WhiteElo "1697"]
[BlackElo "1499"]
[PlyCount "123"]
[EventDate "2012.10.??"]
[EventType "swiss"]
[EventRounds "7"]
[EventCountry "FRA"]
[SourceDate "2005.09.12"]

1. d4 d5 2. c4 e6 3. Nf3 Nf6 4. Nc3 Bb4 5. Bd2 Bxc3 6. Bxc3 Nc6 7. e3 a6 8. Bd3
b6 9. O-O Bd7 10. Re1 dxc4 11. Bxc4 Nb8 12. Bd3 Bc6 13. Rc1 Bb7 14. Ne5 Nbd7
15. Nf3 a5 16. e4 Qe7 17. d5 Nc5 18. Bb5+ Ncd7 19. Be5 O-O 20. Rxc7 Bc8 21. d6
Qd8 22. Bg3 Nc5 23. Bh4 h6 24. e5 g5 25. Nxg5 Nd5 26. Nf3 f6 27. exf6 Rxf6 28.
Bxf6 Qxf6 29. Rxc5 bxc5 30. Bc6 Rb8 31. Bxd5 exd5 32. Qxd5+ Kf8 33. Qxc5 Bd7
34. Qc7 Qd8 35. Qxd8+ Rxd8 36. h3 Be8 37. Rd1 Bb5 38. Ne5 Kg7 39. f4 h5 40. b3
Kf6 41. g3 a4 42. b4 a3 43. Kf2 Be8 44. Nc4 Bd7 45. h4 Rb8 46. Nxa3 Rxb4 47.
Rd2 Ra4 48. Nb1 Rc4 49. Ke3 Ra4 50. a3 Kf5 51. Rd5+ Kg4 52. Rg5+ Kh3 53. Kf2
Rd4 54. Rxh5 Rxd6 55. Rg5 Rh6 56. Nc3 Ra6 57. h5 Rxa3 58. Ne2 Bg4 59. Ng1+ Kh2
60. Rxg4 Ra2+ 61. Ne2 Kh3 62. Rh4# 1-0

[Event "Morbihan Ch "]
[Site "France"]
[Date "2013.01.19"]
[Round "4.12"]
[White "Thebaut, Herve"]
[Black "Loizil, Joel"]
[Result "0-1"]
[WhiteElo "1454"]
[BlackElo "1709"]
[PlyCount "66"]
[EventDate "2012.10.??"]
[EventType "swiss"]
[EventRounds "7"]
[EventCountry "FRA"]
[SourceDate "2005.09.12"]

1. d4 Nf6 2. c4 e6 3. Nc3 d5 4. a3 c6 5. c5 Nbd7 6. Bf4 Be7 7. e3 O-O 8. Qf3 a5
9. Be2 b6 10. cxb6 Qxb6 11. Rb1 a4 12. Nh3 Re8 13. O-O c5 14. dxc5 Nxc5 15. Qg3
Nce4 16. Nxe4 Nxe4 17. Qg4 e5 18. Qh5 exf4 19. Rfd1 fxe3 20. f3 Nd2 21. Bd3 g6
22. Qxd5 Be6 23. Qe5 e2+ 24. Kh1 exd1=Q+ 25. Rxd1 Nxf3 26. Qf4 Bxh3 27. Qxf3
Be6 28. Be4 Rad8 29. Re1 Rd2 30. Bc6 Red8 31. Bxa4 Bd5 32. Qe3 Bxg2+ 33. Kg1
Bc5 0-1

[Event "Morbihan Ch "]
[Site "France"]
[Date "2013.01.16"]
[Round "4.13"]
[White "Le Pointer, Guilhem"]
[Black "Guetta, Claude"]
[Result "1-0"]
[WhiteElo "1410"]
[BlackElo "1499"]
[PlyCount "79"]
[EventDate "2012.10.??"]
[EventType "swiss"]
[EventRounds "7"]
[EventCountry "FRA"]
[SourceDate "2005.09.12"]

1. c4 e5 2. Nc3 g6 3. g3 Bg7 4. e3 Nf6 5. Bg2 c6 6. Nge2 d6 7. O-O Be6 8. b3
Qc8 9. Bb2 Bh3 10. d4 Bxg2 11. Kxg2 Qg4 12. f3 Qh5 13. d5 c5 14. b4 b6 15. Nb5
O-O 16. Nc7 Nbd7 17. Nxa8 Rxa8 18. b5 g5 19. f4 g4 20. a4 Qg6 21. Qb1 e4 22. a5
h5 23. axb6 Nxb6 24. Ra6 Nxc4 25. Qc1 Nxe3+ 26. Qxe3 Nxd5 27. Qb3 Qh6 28. Qxd5
h4 29. Qxa8+ Kh7 30. Qxe4+ Qg6 31. Qxg6+ Kxg6 32. Bxg7 Kxg7 33. Rxd6 h3+ 34.
Kg1 f6 35. Rd7+ Kg6 36. Rxa7 Kf5 37. Rc1 Ke4 38. Rxc5 Kf3 39. Re7 f5 40. Nd4#
1-0

[Event "Morbihan Ch "]
[Site "France"]
[Date "2013.01.19"]
[Round "4.14"]
[White "Cheneau, Lionel"]
[Black "Lagès, Michel"]
[Result "0-1"]
[WhiteElo "1470"]
[BlackElo "1917"]
[PlyCount "100"]
[EventDate "2012.10.??"]
[EventType "swiss"]
[EventRounds "7"]
[EventCountry "FRA"]
[SourceDate "2005.09.12"]

1. e4 c5 2. Nf3 e6 3. Bc4 Nc6 4. a3 g6 5. d3 Bg7 6. c3 Nge7 7. Be3 d5 8. Bb5 d4
9. Bf4 O-O 10. c4 e5 11. Bg3 a6 12. Bxc6 Nxc6 13. O-O Bg4 14. Nbd2 h5 15. h3
Bd7 16. Bh4 f6 17. Nb3 b6 18. Bg3 Ne7 19. Nbd2 Qe8 20. b3 Rc8 21. Re1 g5 22. h4
Bg4 23. Qc1 Bh6 24. hxg5 fxg5 25. Nxe5 Be6 26. Ndf3 h4 27. Bxh4 Qh5 28. Bxg5
Bxg5 29. Nxg5 Rf6 30. f3 Rh6 31. Kf2 Qh4+ 32. Ke2 Qg3 33. Rg1 Qxe5 34. Rh1 Rg6
35. Rh5 Nf5 36. Kd2 Qf4+ 37. Ke1 Qg3+ 38. Ke2 Qxg2+ 39. Ke1 Qg1+ 40. Kd2 Qf2+
41. Kd1 Ne3+ 42. Qxe3 dxe3 43. Kc1 Qd2+ 44. Kb1 e2 45. Rh1 Rxg5 46. Ra2 Qd1+
47. Rxd1 exd1=Q+ 48. Kb2 Rg2+ 49. Kc3 Rxa2 50. d4 Qd2# 0-1

[Event "Morbihan Ch "]
[Site "France"]
[Date "2013.01.19"]
[Round "4.15"]
[White "Lemoine, Norbert"]
[Black "Marechal, Daniel"]
[Result "0-1"]
[WhiteElo "1487"]
[BlackElo "1650"]
[PlyCount "105"]
[EventDate "2012.10.??"]
[EventType "swiss"]
[EventRounds "7"]
[EventCountry "FRA"]
[SourceDate "2005.09.12"]

1. e4 e5 2. Nf3 Nc6 3. Bc4 d6 4. c3 Bg4 5. d3 Be7 6. O-O Nf6 7. Be3 O-O 8. Nbd2
Na5 9. Bb3 Nxb3 10. axb3 c5 11. Bg5 h6 12. Bxf6 Bxf6 13. h3 Be6 14. c4 Bd7 15.
Nh2 Bg5 16. Ndf3 f5 17. Qe2 Qf6 18. Nxg5 Qxg5 19. Nf3 Qh5 20. Kh2 Rf6 21. Rg1
a6 22. Rae1 Raf8 23. Nd2 Qxe2 24. Rxe2 f4 25. f3 Be8 26. g3 fxg3+ 27. Rxg3 Bh5
28. Rf2 Rf4 29. Kg2 R8f7 30. Nf1 Kf8 31. Ne3 R4f6 32. Nd5 Rg6 33. Rxg6 Bxg6 34.
b4 b5 35. b3 bxc4 36. bxc4 Rb7 37. Rb2 Bf7 38. Ne3 Rxb4 39. Rxb4 cxb4 40. Nc2
a5 41. h4 g5 42. hxg5 hxg5 43. Kf2 Ke7 44. Na1 a4 45. Nc2 b3 46. Na3 Kd7 47.
Kg3 Be6 48. Kf2 Kc6 49. Ke2 Kc5 50. Kd2 Kb4 51. Nb1 a3 52. Nc3 a2 53. Nxa2+ 0-1

[Event "Morbihan Ch "]
[Site "France"]
[Date "2013.01.19"]
[Round "4.17"]
[White "Malry, Celia"]
[Black "Orgel, Jean Marc"]
[Result "1-0"]
[WhiteElo "1610"]
[BlackElo "1260"]
[PlyCount "65"]
[EventDate "2012.10.??"]
[EventType "swiss"]
[EventRounds "7"]
[EventCountry "FRA"]
[SourceDate "2005.09.12"]

1. c4 e6 2. Nc3 Nf6 3. e3 d5 4. d4 Nc6 5. a3 Be7 6. g3 Bd7 7. b3 b6 8. Bg2 O-O
9. Nge2 dxc4 10. bxc4 Rb8 11. O-O Bd6 12. Qc2 g6 13. Bb2 Na5 14. Nb5 Bxb5 15.
cxb5 Rc8 16. Rac1 Nd7 17. Rfd1 Re8 18. Nf4 f5 19. Nxe6 Qe7 20. Nf4 Bxf4 21.
exf4 Nf6 22. Qc3 Qg7 23. d5 Nh5 24. Qxg7+ Nxg7 25. Be5 c5 26. dxc6 Nb3 27. Bd5+
Kh8 28. Bxb3 h6 29. Rd7 Rxe5 30. fxe5 Ne8 31. c7 Rxc7 32. Rcxc7 Nxc7 33. Rxc7
1-0